000 00713pam a2200241 a 4500
001 1524501
005 20180829071831.0
008 900724s1991 moua b 001 0 eng c
010 _a 90013224
020 _a0801662524
040 _aDNLM/DLC
_cDLC
_dDLC
041 _aeng
060 _aWE 755 O15
080 _a362.197
082 0 0 _a362.197
_220
100 _a8
101 _aORT
245 0 0 _aOccupational low back pain :
_c[edited by] Malcolm H. Pope ... [et al.].
504 _aIncludes bibliographical references and index.
906 _a7
_bcbc
_corignew
_d1
_eocip
_f19
_gy-gencatlg
942 _2ddc
_cBK
999 _c47407
_d47407